NCDS report 1996

Uloženo v:
Podrobná bibliografie
Hlavní autor: NCSD
Médium: Kniha
Jazyk:Undetermined
Témata:
Tagy: Přidat tag
Žádné tagy, Buďte první, kdo otaguje tento záznam!
Thư viện lưu trữ: Trung tâm Học liệu Trường Đại học Cần Thơ
LEADER 00398nam a2200145Ia 4500
001 CTU_16987
008 210402s9999 xx 000 0 und d
082 |a 378 
082 |b N277/1996 
100 |a NCSD 
245 0 |a NCDS report 1996 
245 0 |c NCSD 
650 |a universities and colleges 
904 |i Nguyễn Quang Điền, 970611 
980 |a Trung tâm Học liệu Trường Đại học Cần Thơ